000 00861cam a2200289 a 4500
999 _c2243
_d2243
001 019427688
003 UkOxU
005 20230405092642.0
008 120807s2012 enka j 000 f eng c
015 _aGBB279393
_2bnb
020 _a9780440869283 (pbk.) :
035 _a(WlAbNL)vtls006383384
035 _a(Uk)016147373
038 _aUk
040 _aStDuBDS
_beng
_cStDuBDS
_dWlAbNL
_dKH8
042 _aukscp
082 0 4 _a823.92 WIL
_223
100 1 _aWilson, Jacqueline.
_eauthor
245 1 4 _aThe worst thing about my sister /
_cJacqueline Wilson ; illustrated by Nick Sharratt.
260 _aLondon :
_bDoubleday,
_c2012.
300 _a277 p. :
_bill. ;
_c20 cm.
650 0 _aSisters
_vJuvenile fiction.
650 0 _aFamilies
_vJuvenile fiction.
655 0 _aChildren's stories.
700 1 _aSharratt, Nick.
_eillustrator
942 _2ddc
_cNFIC